000 01086nam a2200313 i 4500
003 EG-GICUC
005 20260415100442.0
008 260415s1991 ua ||||fr|||| 00| 0 ara d
040 _a EG-GICUC
_bara
_c EG-GICUC
_d EG-GICUC
_erda
041 _aara
082 0 4 _221
_a341.84
_bأ ح . و
092 0 4 _221
099 _aLaw1 12 341.84 أ ح . و 1991
100 1 _aأحمد محمد الهوارى
_eمؤلف.
245 _aالوجيز فى تنازع القوانين /
_cأحمد محمد الهوارى .
264 _aالقاهرة :
_bجامعة الزقازيق ،
_c1991 .
300 _a484 ؛ صفحة
_c24 سم
336 _2rda content
_atext
337 _2rda media
_aComputer
338 _2rda carrier
_aOnline Resource
546 _aالنص باللغة العربية
650 1 _aالقانون الدولى
650 1 _aالقانون الدولى الخاص
650 1 _aالتنازع فى القوانين
651 1 _2qrmak
856 4 0 _uhttps://fll.law.cu.edu.eg/fulltext/bks/B12-03120.pdf
905 _a60
942 _2ddc
_cBK
_e21
_n0
999 _c71008
_d71008